Palerme - Choix Multiples - Statistiques

Statistiques générales
  • Ce quiz a été pris 2 192 fois
    2 131 depuis la dernière actualisation
  • Le résultat moyen est 6 sur 10
Statistiques - réponses
Question Réponse % Correct
De quelle région italienne Palerme est-elle la capitale? La Sicile
92%
Quel grand général italien débarque dans la ville le 27 mai 1860? Giuseppe Garibaldi
76%
L'aéroport de Palerme porte le nom de "Aeroporto Internazionale Giovanni Falcone e Paolo Borsellino". Pour quel fait majeur ces deux personnes ont-elles été connues? Combattre Cosa Nostra, la mafia siciliene
68%
Quelle photo immortalise les "panelle", spécialité culinaire palermitaine?
63%
Quel acteur français partage l'affiche avec Burt Lancaster et Claudia Cardinale dans Le Guépard, classique du cinéma italien tourné à Palerme? Alain Delon
60%
Quelles sont les couleurs de l'équipe de football de Palerme? Rose et Noir
49%
Laquelle de ces civilisations n'a jamais conquis Palerme? Perses
48%
Quelle mer borde la ville? Mer Thyrrénienne
47%
Lequel de ces lieux n'est pas palermitain?
44%
Quelle montagne surplombe la ville? Monte Pellegrino
31%
Aucun quiz correspondant
Distribution des résultats
% des personnes avec chaque résultat
Percentile par nombre de réponses
Votre historique - résultats
Vous n’avez pas pris ce quiz depuis la dernière actualisation